The Public Schools and the General Educational System: Report of the Committee on Public Schools Appointed by the President of the Board of Education (Record no. 415345)

000 -LEADER
fixed length control field 00476cam a22001097a 4500
008 - FIXED-LENGTH DATA ELEMENTS--GENERAL INFORMATION
fixed length control field 180718b1944 xxu||||| |||| 00| 0 eng d
082 ## - DEWEY DECIMAL CLASSIFICATION NUMBER
Classification number P45x42 Un3p
245 ## - TITLE STATEMENT
Title The Public Schools and the General Educational System: Report of the Committee on Public Schools Appointed by the President of the Board of Education
Statement of responsibility, etc. by Board of Education, United Kingdom
260 ## - PUBLICATION, DISTRIBUTION, ETC.
Place of publication, distribution, etc. London
Name of publisher, distributor, etc. Her Majesty's Stationery Office
Date of publication, distribution, etc. 1944
300 ## - PHYSICAL DESCRIPTION
Extent 132p
700 ## - ADDED ENTRY--PERSONAL NAME
Personal name United Kingdom. Board of Education
Holdings
Withdrawn status Lost status Damaged status Not for loan Permanent Location Current Location Date acquired Full call number Barcode Date last seen Price effective from Koha item type
        Indian Institute of Public Administration Indian Institute of Public Administration 2009-03-04 P45x42 Un3p 11083 2018-07-21 2018-07-21 Book

Powered by Koha